Statistics for Districts of Bolu (Bolu'nun ilçeleri).

Click here to take the quiz!

General Stats

  • This quiz has been taken 10 times
  • The average score is 8 of 9

Answer Stats

Population (Nüfus)District (İlçe)% Correct
13.578Mengen
100%
219.476Merkez
100%
34.257Gerede
89%
14.434Göynük
89%
2.932Kıbrıscık
89%
18.456Mudurnu
89%
4.648Seben
89%
6.625Yeniçağa
89%
6.418Dörtdivan
78%

Score Distribution

Percentile by Number Answered

Percent of People with Each Score

Your Score History

You have not taken this quiz